00253nam a2200109Ia 4500008004100000100001500041245001300056260003800069650001200107942000700119999001700126190216s9999||||xx |||||||||||||| ||und|| aO M Anujan 0aAktheyan bSahithya Pravarthaka Co-Operative aKavitha cBK c24149d24149